000 00634nam a2200253Ia 4500
003 OSt
005 20220912152750.0
006 a|||||r|||| 00| 0
007 ta
008 220909b |||||||| |||| 00| 0 eng d
024 _a35383
037 _cTextual
040 _aCSL
_beng
_cCSL
041 _aeng
082 _aE2136:4, K4
100 _aSundheim Ben Son Ross Ed.
245 0 _aFused salts
260 _c1964
300 _ap.
_ccm.
490 _aMcGraw Hill series in advanced chemistry
650 _aFused salts
942 _hE2136:4, K4
_cTEXL
_2CC
999 _c91656
_d91656